Sauvez les Africains en devinant les pays - Statistiques

Statistiques générales
  • Ce quiz a été pris 6 859 fois
    5 645 depuis la dernière actualisation
  • Le résultat moyen est 867 sur 1506
Réponses sur la Carte
Les réponses sont colorées sur une échelle allant du rouge au vert en fonction du pourcentage des utilisateurs qui les ont devinées à leur premier essai. Vous pouvez retrouver ces pourcentages ci-dessous.
 
Statistiques - réponses
Population Pays % Correct
45 606 480 Algérie
95%
37 840 044 Maroc
91%
112 716 598 Égypte
89%
102 262 808 République Démocratique du Congo
81%
27 202 843 Niger
77%
6 106 869 République du Congo
76%
60 414 495 Afrique du Sud
75%
23 293 698 Mali
74%
48 109 006 Soudan
73%
6 888 388 Libye
72%
223 804 632 Nigeria
72%
12 458 223 Tunisie
69%
126 527 060 Éthiopie
61%
18 143 378 Somalie
56%
18 278 568 Tchad
56%
17 763 163 Sénégal
50%
36 684 202 Angola
48%
55 100 586 Kenya
47%
4 862 989 Mauritanie
46%
30 325 732 Madagascar
43%
67 438 106 Tanzanie
43%
11 088 796 Soudan du Sud
41%
28 647 293 Cameroun
36%
2 604 172 Namibie
34%
34 121 985 Ghana
32%
33 897 354 Mozambique
31%
9 053 799 Togo
31%
28 873 034 Côte d'Ivoire
29%
14 190 612 Guinée
26%
13 712 828 Bénin
24%
5 742 315 République Centrafricaine
24%
48 582 334 Ouganda
23%
20 569 737 Zambie
23%
2 436 566 Gabon
21%
23 251 485 Burkina Faso
19%
3 748 901 Érythrée
17%
2 675 352 Botswana
15%
2 773 168 Gambie
15%
16 665 409 Zimbabwe
15%
14 094 683 Rwanda
14%
2 330 318 Lesotho
11%
598 682 Cap-Vert
10%
1 136 455 Djibouti
10%
20 931 751 Malawi
10%
5 418 377 Libéria
9%
2 150 842 Guinée-Bissau
8%
13 238 559 Burundi
7%
852 075 Comores
7%
1 210 822 Eswatini
6%
8 791 092 Sierra Leone
6%
1 714 671 Guinée équatoriale
5%
1 300 557 Île Maurice
5%
231 856 Sao Tomé-et-Principe
4%
107 660 Seychelles
4%
Aucun quiz correspondant
Distribution des résultats
% des personnes avec chaque résultat
Percentile par nombre de réponses
Votre historique - résultats
Vous n’avez pas pris ce quiz depuis la dernière actualisation